[Event "Cto Equipos Aragon 2012 Pref. Ascenso"]
[Site "Aragon"]
[Date "2012.04.15"]
[Round "11.36"]
[White "Ruiperez Gumiel Ramon"]
[Black "Laplaza Ara Carlos"]
[Result "0-1"]
[WhiteElo "1947"]
[BlackElo "2011"]

1.e4 e5 2.f4 exf4 3.Nf3 d6 4.d4 g5 5.Bc4 Bg7 6.O-O h6 7.c3 Ne7 8.h4 Ng6 9.h5
Ne7 10.Qb3 O-O 11.Nh2 Nbc6 12.Bd3 Kh8 13.Qc2 f5 14.Nd2 fxe4 15.Nxe4 d5 16.Nf2
Bf5 17.Nh3 Qd7 18.Bxf5 Nxf5 19.Bxf4 gxf4 20.Nxf4 Nce7 21.Rae1 Kg8 22.g4 Ng3
23.Rxe7 Qxe7 24.Rf3 Rxf4 25.Rxg3 Qe1+ 26.Kg2 Re8 27.Qg6 Rf6 28.Qd3 Re2+ 29.Kh3
Rff2 0-1